Rules of games & sports 2000 / (Record no. 128898)

MARC details
000 -LEADER
fixed length control field 00745nam a22002417a 4500
003 - CONTROL NUMBER IDENTIFIER
control field dpl
005 - DATE AND TIME OF LATEST TRANSACTION
control field 20180703172744.0
008 - FIXED-LENGTH DATA ELEMENTS--GENERAL INFORMATION
fixed length control field 180626b xxu||||| |||| 00| 0 eng d
010 ## - LIBRARY OF CONGRESS CONTROL NUMBER
LC control number A-996468
020 ## - INTERNATIONAL STANDARD BOOK NUMBER
Terms of availability 85.00
International Standard Book Number 8186190899
035 ## - SYSTEM CONTROL NUMBER
System control number A-996468, A-944082,A-996470
037 ## - SOURCE OF ACQUISITION
Source of stock number/acquisition Cen Lib/Ret
040 ## - CATALOGING SOURCE
Original cataloging agency DPL
Language of cataloging EN
Transcribing agency 0
082 ## - DEWEY DECIMAL CLASSIFICATION NUMBER
Classification number 796.077
Item number THA
100 ## - MAIN ENTRY--PERSONAL NAME
Personal name Thani, Lokesh
9 (RLIN) 24759
245 ## - TITLE STATEMENT
Title Rules of games & sports 2000 /
Statement of responsibility, etc by Lokesh Thani
260 ## - PUBLICATION, DISTRIBUTION, ETC. (IMPRINT)
Place of publication, distribution, etc Delhi
Name of publisher, distributor, etc Sports Publications
Date of publication, distribution, etc 2000
270 ## - ADDRESS
Address WP-474,1st floor Shiv Market Ashok Vihar
City Delhi
Postal code 110052
300 ## - PHYSICAL DESCRIPTION
Extent 184p. :
Dimensions 20cm(Hb)
Other physical details ill.
650 ## - SUBJECT ADDED ENTRY--TOPICAL TERM
Topical term or geographic name as entry element Sports 7 Games
9 (RLIN) 24760
650 ## - SUBJECT ADDED ENTRY--TOPICAL TERM
Topical term or geographic name as entry element Rule & Regulations
9 (RLIN) 24761
942 ## - ADDED ENTRY ELEMENTS (KOHA)
Source of classification or shelving scheme Dewey Decimal Classification
Koha item type English Books
Classification part 796.077
Call number suffix THA
Holdings
Withdrawn status Lost status Damaged status Not for loan Home library Current library Date acquired Source of acquisition Cost, normal purchase price Total Checkouts Full call number Barcode Date last seen Date checked out Copy number Cost, replacement price Price effective from Koha item type Source of classification or shelving scheme Collection code
        Central Library Central Library 03/07/2015 Cen Lib/Ret 85.00 1 796.077 THA A-996468 13/03/2018 17/01/2018 1 85.00 03/07/2015 English Books    
        Patel Nagar Patel Nagar 03/07/2018 BPPD/Pub 85.00   796.077 THA A-996470 03/07/2018     85.00 03/07/2018 English Books Dewey Decimal Classification Non-fiction
        Shahdara Branch Shahdara Branch 26/06/2018 BPPD/PUB 195.00 1 796.077 THA A-944082 11/10/2018 27/09/2018   195.00 26/06/2018 English Books Dewey Decimal Classification Non-fiction

© Delhi Public Library
Hit Counter
free hit counter